00417nam a2200169Ia 4500003000400000005001700004008004100021020001500062050002500077100001800102245003800120260003500158300003300193440000600226521000700232526000800239OSt20140311163140.0140130s9999 xx 000 0 und d a0439668565 aPZ 7b.B22637Sp 2003 aBanks, Steven aSpecial delivery /cSteven Banks. bScholastic,c2003.aNew York : a32 p. :bcol. ill. ;c22 cm. v1 aG1 c270